[Event "Open A"]
[Site "Trieste ITA"]
[Date "2006.09.05"]
[Round "5"]
[White "Burmakin,V"]
[Black "Mocchi,T"]
[Result "1-0"]
[WhiteElo "2558"]
[BlackElo "2243"]

1.Nf3 d5 2.g3 c6 3.Bg2 Nf6 4.O-O Bf5 5.d3 e6 6.Nbd2 h6 7.Qe1 Be7 8.e4 dxe4
9.Nxe4 Nxe4 10.dxe4 Bh7 11.Qe2 Nd7 12.Rd1 Qc7 13.Bf4 Qc8 14.Bd6 Bxd6 15.Rxd6 O-O
16.Rad1 Nf6 17.e5 Nd5 18.c4 Nb6 19.b3 Qc7 20.Qe3 Rae8 21.a4 a5 22.Qc3 Ra8
23.h4 Bg6 24.Nh2 Rfd8 25.Qd2 Re8 26.Qe2 Nc8 27.h5 Bf5 28.g4 Bh7 29.Rd7 Qb6
30.Be4 Bxe4 31.Qxe4 Ne7 32.R1d3 Qb4 33.Nf1 Rab8 34.Nd2 b5 35.Qf4 Rf8 36.Kg2 Nd5
37.Qf3 Nb6 38.R7d4 bxa4 39.bxa4 Qc5 40.Qg3 Qe7 41.Ne4 Rbd8 42.g5 hxg5 43.Nxg5 Rxd4
44.Rxd4 f6 45.exf6 Qxf6 46.Rg4 Kh8 47.Ne4 Qd4 48.h6 g6 49.Ng5 Qf6 50.Re4 e5
51.Rxe5 Nxc4 52.Re6 Qd4 53.Re4  1-0

[Event "3rd Open"]
[Site "Kalamaria GRE"]
[Date "2006.09.06"]
[Round "9"]
[White "Stamenkov,V"]
[Black "Lazaridis,H"]
[Result "1-0"]
[WhiteElo "2367"]
[BlackElo "2101"]

1.Nf3 d5 2.g3 Nf6 3.Bg2 Bg4 4.c4 c6 5.cxd5 cxd5 6.Ne5 Bf5 7.Nc3 e6 8.Qa4+ Nbd7
9.g4 Bg6 10.h4 Bd6 11.Nxd7 Qxd7 12.Qxd7+ Kxd7 13.h5 Bc2 14.g5 Ne4 15.d3 Nxc3
16.bxc3 Ba4 17.h6 g6 18.Rh4 Bc6 19.c4 dxc4 20.Bxc6+ Kxc6 21.Rxc4+ Kd7 22.Bf4 e5
23.Be3 b5 24.Re4 Ke6 25.f4 f5 26.gxf6 Kxf6 27.Rb1 a6 28.fxe5+ Bxe5 29.Kd2 g5
30.Rf1+ Bf4 31.Bxf4 gxf4 32.Rfxf4+ Kg5 33.Rg4+ Kxh6 34.Rg1 Kh5 35.Re5+ Kh4
36.Re6 Kh5 37.d4 Rhe8 38.Rh1+ Kg4 39.Rxe8 Rxe8 40.Rxh7 Kf5 41.Kd3 Rg8 42.Rh5+ Kf4
43.e3+ Kf3 44.Rf5+ Kg4 45.Rf1 Rh8 46.d5 a5 47.e4 b4 48.d6  1-0

[Event "5th Kesarovski - Georgiev Mem"]
[Site "Sunny Beach BUL"]
[Date "2006.09.07"]
[Round "6"]
[White "Ermenkov,Evgenij"]
[Black "Velcheva,M"]
[Result "1/2-1/2"]
[WhiteElo "2462"]
[BlackElo "2295"]

1.Nf3 d5 2.g3 Nf6 3.Bg2 e6 4.O-O Be7 5.d4 O-O 6.Nbd2 c5 7.dxc5 Bxc5 8.c4 Nc6
9.a3 a5 10.b3 d4 11.b4 axb4 12.Nb3 Be7 13.Nfxd4 Nxd4 14.Nxd4 bxa3 15.Nb5 Bd7
16.Bxb7 Rb8 17.Bf3 Bxb5 18.cxb5 Rxb5 19.Bxa3 Bxa3 20.Rxa3 Qe7 21.Qa1 e5 22.Ra7 Qe6
23.Ra6 Qe7 24.Qa4 Rb4 25.Qa3 Rfb8 26.Rc1 e4 27.Bg2 g6 28.h3 h5 29.Kh2 h4
30.Rc4 hxg3+ 31.fxg3 Nd5 32.Ra8 Rxc4 33.Rxb8+ Kg7 34.Qa8 Nf6 35.Rb7 Qe6 36.Qa1 Qd5
37.Re7 Qc5 38.Qe5 Qxe5 39.Rxe5 Rc2 40.Bf1 Rc4 41.g4 Nd7 42.Re7 Nc5 43.Rc7 Kf6
44.h4 Rc3 45.Rc6+ Kg7 46.Bg2 f5 47.h5 gxh5 48.gxf5 Na4 49.Rg6+ Kh7 50.Bxe4 Re3
51.Bf3 Nc3 52.Rg2 Re5 53.Bxh5 Kh6 54.Bg4 Kg5 55.Bh3+ Kf6 56.Rg6+ Kf7 57.Bg4 Nxe2
58.Rd6 Nc3 59.Kh3 Ne4 60.Rc6 Nf6  1/2-1/2

[Event "5th Kesarovski - Georgiev Mem"]
[Site "Sunny Beach BUL"]
[Date "2006.09.07"]
[Round "6"]
[White "Tsifanskaya,L"]
[Black "Valev,V"]
[Result "1-0"]
[WhiteElo "2200"]
[BlackElo "1643"]

1.Nf3 d5 2.g3 c5 3.Bg2 Nc6 4.O-O Nf6 5.d3 e6 6.Nbd2 Be7 7.e4 O-O 8.Re1 Qc7
9.e5 Nd7 10.Qe2 b6 11.Nf1 Bb7 12.Bf4 Rac8 13.c3 Ba6 14.h4 Rfe8 15.h5 Nf8
16.N3h2 f5 17.exf6 Bd6 18.Bxd6 Qxd6 19.h6 e5  1-0

[Event "59th ch-RUS 1st League"]
[Site "Tomsk RUS"]
[Date "2006.09.07"]
[Round "5"]
[White "Maletin,P"]
[Black "Landa,K"]
[Result "1/2-1/2"]
[WhiteElo "2543"]
[BlackElo "2584"]

1.Nf3 d5 2.g3 Nf6 3.Bg2 c6 4.c4 dxc4 5.O-O Be6 6.Ng5 Bd5 7.e4 h6 8.exd5 hxg5
9.dxc6 Nxc6 10.Na3 e6 11.Nxc4 Bc5 12.d3 g4 13.Bg5 Rh5 14.h4 gxh3 15.Bxf6 hxg2
16.Bxd8 gxf1=Q+ 17.Qxf1 Rxd8 18.Nd2  1/2-1/2

[Event "I Open"]
[Site "Vitoria BRA"]
[Date "2006.09.07"]
[Round "1"]
[White "Bonfim,H"]
[Black "Bittencourt,J"]
[Result "0-1"]
[WhiteElo "1843"]
[BlackElo "2419"]

1.g3 d5 2.Nf3 c6 3.Bg2 Nf6 4.d3 Bg4 5.O-O Nbd7 6.Nbd2 e5 7.e4 Bd6 8.c3 O-O
9.Re1 Re8 10.Nf1 dxe4 11.dxe4 Bc7 12.Ne3 Bh5 13.Nf5 Nc5 14.Bg5 Ncxe4 15.Qxd8 Raxd8
16.Rxe4 Nxe4 17.Bxd8 Rxd8 18.Nxe5 Nxc3 19.Nc4 Ne2+ 20.Kf1 Nd4 21.Nxd4 Rxd4
22.Ne3 Rd2 23.Re1 Kf8 24.Nc4 Rc2 25.Ne5 Bxe5 26.Rxe5 Bg6 27.Bh3 Rxb2 28.Bd7 f6
29.Ra5 a6 30.Bc8 Bd3+ 31.Kg2 b6 32.Ra3 Bc4 33.Bxa6 Rxa2 34.Rxa2 Bxa2 35.Bd3 h6
36.Kf3 Ke7 37.Ke3 Kd6 38.Kd4 Bd5 39.f4 c5+ 40.Kc3 Bc6 41.h4 b5  0-1

[Event "59th ch-RUS 1st League"]
[Site "Tomsk RUS"]
[Date "2006.09.08"]
[Round "6"]
[White "Khalifman,A"]
[Black "Dreev,A"]
[Result "1/2-1/2"]
[WhiteElo "2622"]
[BlackElo "2666"]

1.Nf3 d5 2.g3 c6 3.Bg2 Bf5 4.O-O e6 5.d3 h6 6.c4 dxc4 7.dxc4 Nd7 8.Nc3 Ngf6
9.Bf4 Be7 10.Re1 Ne4 11.Nxe4 Bxe4 12.Qc1  1/2-1/2

[Event "59th ch-RUS 1st League"]
[Site "Tomsk RUS"]
[Date "2006.09.09"]
[Round "7"]
[White "Maletin,P"]
[Black "Kobalia,M"]
[Result "0-1"]
[WhiteElo "2543"]
[BlackElo "2647"]

1.Nf3 d5 2.g3 Nc6 3.d4 Bf5 4.c4 e6 5.Bg2 Nb4 6.O-O Nc2 7.Nh4 Nxa1 8.Nxf5 exf5
9.Nc3 Nf6 10.Bg5 Be7 11.Bxf6 Bxf6 12.Nxd5 O-O 13.e3 c6 14.Nxf6+ Qxf6 15.Qxa1 Rfe8
16.c5 g5 17.b4 f4 18.d5 Qxa1 19.Rxa1 fxe3 20.dxc6 e2 21.Re1 Rad8 22.f4 bxc6
23.fxg5 Re6 24.Kf2 Rd2 25.a3 Ra2 26.b5 Rxa3 27.bxc6 Re5 28.Rxe2 Rf5+ 29.Ke1 Ra1+
30.Kd2 Ra2+ 31.Kd3 Rxe2 32.Kxe2 Rxg5 33.Kd3 Kf8 34.Be4 h6 35.Kc4 Ke7 36.Bd5 f6  0-1

[Event "ch-EU"]
[Site "Liverpool ENG"]
[Date "2006.09.10"]
[Round "5"]
[White "McNab,C"]
[Black "Gyimesi,Z"]
[Result "1/2-1/2"]
[WhiteElo "2433"]
[BlackElo "2616"]

1.Nf3 d5 2.g3 Nf6 3.Bg2 c6 4.d3 Bg4 5.h3 Bh5 6.O-O Nbd7 7.Qe1 e5 8.e4 dxe4
9.dxe4 Bc5 10.Nbd2 O-O 11.Nc4 Re8 12.a4 Nb6 13.Na5 Rb8 14.Nh4 Nc8 15.Bd2 Qc7
16.Kh1 b6 17.Nc4 Nd6 18.Nxd6 Bxd6 19.Bf3 Bxf3+ 20.Nxf3 Rbd8 21.Kg2 Nd7 22.Qe2 Nc5
23.Rfd1 f6 24.Be3 Qf7 25.Bxc5 Bxc5 26.b3 Qe7 27.Rxd8 Rxd8 28.Rd1 Rxd1 29.Qxd1 Qd6
30.Qxd6 Bxd6 31.Ne1 Bb4 32.Nd3 Bc3 33.Kf3 Kf7 34.Ke2 Ke6 35.Nc1 Bd4 36.c4 h5
37.g4 hxg4 38.hxg4 g5 39.Nd3 a5 40.f3  1/2-1/2

[Event "ProMoPro Open"]
[Site "Prague CZE"]
[Date "2006.09.10"]
[Round "2"]
[White "Benes,Pe1"]
[Black "Ryslink,D"]
[Result "1-0"]
[WhiteElo "2189"]
[BlackElo "2014"]

1.Nf3 d5 2.g3 c5 3.Bg2 Nc6 4.d4 Nf6 5.O-O e6 6.c4 Be7 7.cxd5 exd5 8.Nc3 Be6
9.Bg5 c4 10.b3 Qa5 11.Qc2 b5 12.bxc4 bxc4 13.Rfd1 O-O 14.Ne5 Nb4 15.Qc1 h6
16.Bf4 Rac8 17.Bd2 Qa6 18.Rb1 Nc6 19.Bf4 Rfd8 20.Qc2 Nb4 21.Qd2 Bf5 22.Rb2 Nc6
23.Qe1 Ba3 24.Nxc6 Rxc6 25.Rb5 Rb6 26.Bc7 Rxb5 27.Bxd8 Bb4 28.Bxf6 gxf6 29.e4 Bxe4
30.Bxe4 dxe4 31.Qe3 Bxc3 32.Qxc3 Qxa2 33.d5 Qe2 34.Re1 Qd3 35.Qxf6 Rxd5 36.Qxh6 c3
37.Re3 Qd1+ 38.Kg2 c2 39.Rc3 Qd2 40.Rc8+ Rd8 41.Qxd2 Rxc8 42.Qg5+ Kh8 43.Qh5+  1-0

[Event "3rd Szeged Cup"]
[Site "Szeged HUN"]
[Date "2006.09.10"]
[Round "2"]
[White "Foisor,C"]
[Black "Kiss,Ju"]
[Result "1-0"]
[WhiteElo "2393"]
[BlackElo "2118"]

1.Nf3 d5 2.g3 Nf6 3.Bg2 e6 4.O-O Be7 5.d4 O-O 6.c4 c5 7.cxd5 exd5 8.Nc3 Nbd7
9.Qb3 cxd4 10.Nxd5 Nc5 11.Nxe7+ Qxe7 12.Qa3 Rd8 13.Bg5 Bg4 14.Bxf6 gxf6 15.h3 Bh5
16.Rfd1 Rac8 17.g4 Bg6 18.Rxd4 b6 19.e3 Be4 20.Rad1 Rxd4 21.exd4 Qd7 22.Qe3 Re8
23.Qd2 Nd3 24.Nh4 f5 25.Bxe4 fxe4 26.Qg5+ Kf8 27.Nf5  1-0

[Event "XVI WSen"]
[Site "Arvier ITA"]
[Date "2006.09.11"]
[Round "1"]
[White "Zhelesny,S"]
[Black "Marjanovic,Slavk"]
[Result "1/2-1/2"]
[WhiteElo "2235"]
[BlackElo "1967"]

1.Nf3 d5 2.g3 g6 3.Bg2 Bg7 4.O-O Nf6 5.d4 O-O 6.Nbd2 c6 7.c4 Bf5 8.b3 Ne4
9.Bb2 Nd7 10.Nh4 Nxd2 11.Qxd2 Be6 12.cxd5 cxd5 13.f4 Nf6 14.f5 Bd7 15.fxg6 hxg6
16.Qd3 Qb6 17.Kh1 Rac8  1/2-1/2

[Event "Mitropa Cup Women"]
[Site "Brno CZE"]
[Date "2006.09.11"]
[Round "5"]
[White "Gregorova,Z"]
[Black "Hodova,L"]
[Result "1/2-1/2"]
[WhiteElo "2145"]
[BlackElo "2112"]

1.Nf3 d5 2.g3 c5 3.Bg2 Nf6 4.d3 Nc6 5.Nbd2 e6 6.O-O Be7 7.e4 Qc7 8.Re1 b6
9.e5 Nd7 10.Qe2 Bb7 11.c3 O-O-O 12.Nb3 Rdg8 13.h4 h6 14.d4 g5 15.hxg5 hxg5
16.Be3 Qd8 17.Nh2 Rg7 18.Ng4 Rgh7 19.f3 Rh5 20.Kf2 Qc7  1/2-1/2

[Event "ProMoPro Open"]
[Site "Prague CZE"]
[Date "2006.09.11"]
[Round "3"]
[White "Bernasek,V"]
[Black "Vokoun,J"]
[Result "0-1"]
[WhiteElo "2128"]
[BlackElo "2217"]

1.Nf3 d5 2.g3 Nc6 3.d4 Bg4 4.Nbd2 f6 5.c3 e5 6.Qb3 Rb8 7.dxe5 fxe5 8.Bg2 e4
9.Nd4 Nxd4 10.cxd4 c6 11.f3 exf3 12.Nxf3 Nf6 13.O-O Bd6 14.Ne5 Be6 15.Bg5 O-O
16.e4 Qb6 17.Qxb6 axb6 18.Nxc6 bxc6 19.e5 Bxe5 20.dxe5 Nd7 21.Be7 Rxf1+ 22.Bxf1 Ra8
23.Bd6 Kf7 24.a4 Bf5 25.b4 Ke6 26.Bc7 Rc8 27.Bd6 Nxe5 28.Bxe5 Kxe5 29.a5 bxa5
30.bxa5 Ra8 31.a6 Ra7 32.Kf2 c5 33.Ke3 Be6 34.Bb5 Kd6 35.Rf1 Re7 36.Kd2 c4
37.Rf8 Kc5 38.Rb8 Ra7 39.Kc3 d4+ 40.Kb2 Bd5 41.Ka3 Bc6 42.Ka4 Rxa6+  0-1

[Event "59th ch-RUS 1st League"]
[Site "Tomsk RUS"]
[Date "2006.09.11"]
[Round "9"]
[White "Maletin,P"]
[Black "Andreikin,D"]
[Result "1/2-1/2"]
[WhiteElo "2543"]
[BlackElo "2503"]

1.Nf3 d5 2.g3 Bg4 3.Ne5 Bf5 4.c4 Nd7 5.Nxd7 Qxd7 6.Bg2 e6 7.b3 Nf6 8.Bb2 Be7
9.d3 O-O 10.O-O c6 11.Nd2 Bg6 12.Nf3 Qd8 13.Ne5 Bh5 14.d4 Nd7 15.Nd3 Bd6
16.Qd2 Bg6 17.f3 dxc4 18.bxc4  1/2-1/2

[Event "59th ch-RUS 1st League"]
[Site "Tomsk RUS"]
[Date "2006.09.11"]
[Round "9"]
[White "Voitsekhovsky,S"]
[Black "Sitnikov,D"]
[Result "1/2-1/2"]
[WhiteElo "2494"]
[BlackElo "2430"]

1.Nf3 d5 2.g3 c6 3.Bg2 Bg4 4.O-O Nd7 5.d3 Ngf6 6.c4 e6 7.cxd5 exd5 8.Nc3 Bc5
9.Qc2 O-O 10.e4 dxe4 11.dxe4 Re8 12.h3 Bh5 13.Kh2 Bb4 14.Nh4 Nc5 15.f3 Qd3
16.Rf2 Nfd7  1/2-1/2

[Event "ch-EU"]
[Site "Liverpool ENG"]
[Date "2006.09.12"]
[Round "7"]
[White "McNab,C"]
[Black "Karttunen,M"]
[Result "1-0"]
[WhiteElo "2433"]
[BlackElo "2422"]

1.Nf3 d5 2.g3 g6 3.Bg2 Bg7 4.O-O e6 5.d3 Ne7 6.Nc3 O-O 7.e4 d4 8.Ne2 e5 9.c3 c5
10.b4 cxb4 11.cxb4 b5 12.Bd2 Nec6 13.a4 Ba6 14.Qb1 Qd6 15.Rc1 Nd7 16.Ne1 Rfc8
17.Qb3 Bf8 18.Bh3 Rd8 19.Bg5 Ne7 20.f4 h6 21.fxe5 Nxe5 22.Bf4 bxa4 23.Qxa4 Bc8
24.Bxc8 Rdxc8 25.b5 Bg7 26.Rxc8+ Nxc8 27.Rc1 Nb6 28.Qa2 g5 29.Bxe5 Qxe5 30.Qb3 Rc8
31.Rxc8+ Nxc8 32.Nf3 Qc5 33.Qd5 Qxd5 34.exd5 Nb6 35.Nfxd4 Bf8 36.Nc6 Nxd5
37.d4 f5 38.Nxa7 Kf7 39.Nc6 Ke6 40.Kf2 Bd6 41.Nd8+ Ke7 42.Nb7 Bb4 43.Nc5 Ba5
44.Nd3 Ke6 45.Ne5 Bb6 46.Nc4 Ba7 47.h3 h5 48.h4 gxh4 49.gxh4 Bb8 50.Kf3 Bc7
51.Ne3 Bd8 52.Ng2 Kd6 53.Ng3 Nc3 54.Nxf5+ Ke6 55.Ng3 Nxb5 56.Ke4 Nxd4 57.Kxd4 Bxh4
58.Nxh4 Kf6 59.Ngf5 Ke6 60.Ke4 Kd7 61.Kd5 Kc7 62.Nd4 Kd7 63.Nc6 Kc7 64.Ne5 Kb6
65.Kc4 Ka5 66.Nd7 Ka4 67.Nb6+ Ka5 68.Kc5 Ka6 69.Nc4 Kb7 70.Kd6 Kc8 71.Na5 Kb8
72.Kd7 Ka8 73.Kc7 Ka7 74.Nb3 Ka6 75.Kc6 Ka7 76.Nc5 Kb8 77.Kd7 Ka7 78.Kc7 Ka8
79.Nf5 h4 80.Nd6  1-0

[Event "Mitropa Cup Men"]
[Site "Brno CZE"]
[Date "2006.09.13"]
[Round "7"]
[White "Skoberne,J"]
[Black "Bosiocic,Mari"]
[Result "0-1"]
[WhiteElo "2407"]
[BlackElo "2433"]

1.g3 d5 2.Nf3 Bg4 3.Bg2 c6 4.c4 e6 5.O-O Nd7 6.d3 Ngf6 7.Nbd2 Bd6 8.b3 O-O
9.Bb2 Re8 10.Re1 a5 11.a3 h6 12.Nh4 e5 13.h3 Be6 14.e4 dxe4 15.dxe4 Qb6 16.Qc2 Bc5
17.Nf1 Nh7 18.Ne3 Rad8 19.Rab1 Qa7 20.Re2 f6 21.Rf1 Qb6 22.Rb1 Ng5 23.Kh2 Qc7
24.Rf1 Bf7 25.Nhf5 Bh5 26.Rd2 Nf8 27.Rc1 Qb6 28.Rxd8 Rxd8 29.Rb1 Nf3+ 30.Bxf3 Bxf3
31.b4 axb4 32.axb4 Bxe3 33.Nxe3 Qxb4 34.Bc3 Qe7 35.g4 Ne6 36.Kg3 Nc5 37.Nf5 Qf7
38.Re1 Qxc4 39.h4 Bxe4 40.Qb2 Bxf5  0-1

[Event "TCh-NED Playoffs 2005-6"]
[Site "Enschede NED"]
[Date "2006.09.13"]
[Round "1"]
[White "Carlier,B"]
[Black "Smeets,J"]
[Result "0-1"]
[WhiteElo "2464"]
[BlackElo "2550"]

1.Nf3 d5 2.g3 c6 3.Bg2 Bg4 4.c4 Nf6 5.Qb3 Qb6 6.Nc3 e6 7.O-O Qxb3 8.axb3 Na6
9.Ne5 Nc5 10.Nxg4 Nxg4 11.b4 Nb3 12.Ra4 Ne5 13.cxd5 cxd5 14.d3 Nxc1 15.Rxc1 Kd7
16.Rca1 Kc7 17.Rc1 Kd7 18.Rca1 Kc7 19.Rc1 Kb8 20.b5 Be7 21.d4 Nc4 22.Ra2 Rc8
23.Na4 a6 24.bxa6 Rxa6 25.b3 Na5 26.Rb1 Nc6 27.e3 Nb4 28.Rd2 b5 29.Nb2 Ra2
30.Bf1 Rc2 31.Rxc2 Nxc2 32.Nd3 Bd6 33.Rb2 Rxb2 34.Nxb2 Na3 35.Bd3 g6 36.Kf1 Kc7
37.Ke2 Kb6 38.f4 Ka5  0-1

[Event "EU-chB16"]
[Site "Herceg Novi MNE"]
[Date "2006.09.13"]
[Round "4"]
[White "Martinovic,Sa"]
[Black "Can,E"]
[Result "1/2-1/2"]
[WhiteElo "2367"]
[BlackElo "2301"]

1.Nf3 d5 2.g3 Nf6 3.Bg2 c6 4.O-O Bf5 5.d3 Nbd7 6.Nbd2 e5 7.Qe1 Bc5 8.e4 dxe4
9.dxe4 Bg6 10.Nh4 O-O 11.Nxg6 hxg6 12.a4 Qc7 13.Qe2 Rfd8 14.Nb3 Be7 15.Be3 Nf8
16.c3 Ne6 17.f3 Nd7 18.Bh3 Ng5 19.Bg2 Ne6 20.Bh3 Ng5 21.Bg2  1/2-1/2

[Event "XVI WSen"]
[Site "Arvier ITA"]
[Date "2006.09.14"]
[Round "4"]
[White "Zelkind,E"]
[Black "Profaizer,G"]
[Result "1-0"]
[WhiteElo "2232"]
[BlackElo "2060"]

1.Nf3 d5 2.g3 c5 3.Bg2 Nc6 4.d3 Nf6 5.O-O e6 6.Nbd2 b5 7.e4 Be7 8.Re1 O-O
9.e5 Nd7 10.Nf1 Bb7 11.h4 Re8 12.Bf4 f6 13.exf6 Bxf6 14.Bg5 h6 15.Bxf6 Qxf6
16.c3 b4 17.d4 Ba6 18.Ne3 Qg6 19.Qa4 Bb7 20.dxc5 bxc3 21.bxc3 Qd3 22.Rab1 Qa6
23.Qxa6 Bxa6 24.Nd4 Nxd4 25.cxd4 Rab8 26.Ng4 Bc4 27.a4 h5 28.Ne3 Bd3 29.Rbd1 Bg6
30.Bh3 Nf6 31.Ng2 Bf7 32.Rb1 Ne4 33.Nf4 e5 34.Rxb8 Rxb8 35.dxe5 Nxc5 36.e6 Be8
37.Nxd5 Nd3 38.Rd1 Rb3 39.Bf5 Ne5 40.Nc7 Kf8 41.Rd8 Nf3+ 42.Kh1  1-0

[Event "Open A"]
[Site "Graz AUT"]
[Date "2006.09.16"]
[Round "1"]
[White "Sarre,S"]
[Black "Schachinger,M"]
[Result "1/2-1/2"]
[WhiteElo "2080"]
[BlackElo "2277"]

1.Nf3 d5 2.g3 Nf6 3.Bg2 c6 4.d3 Bg4 5.h3 Bh5 6.Nbd2 Nbd7 7.O-O e6 8.e4 dxe4
9.Nxe4 Be7 10.Qe2 O-O 11.Re1 Re8 12.g4 Bg6 13.Bf4 Nxe4 14.dxe4 Qa5 15.a3 e5
16.Bd2 Qc7 17.Bc3 f6 18.Rad1 Nf8 19.Nh4 Bf7 20.Nf5 Ne6 21.Nxe7+ Rxe7 22.Rd2 c5
23.Bf1 Nd4 24.Bxd4 cxd4 25.c3 Rd8 26.cxd4 exd4 27.Red1 Qe5 28.Bg2 b5 29.Qf3 Rc7
30.Qf5 Bb3 31.Rf1 d3 32.Qxe5 fxe5 33.f3 g5 34.Rff2 Bc2 35.Bf1 a5 36.Rh2 Rf7
37.Kf2 Rdf8 38.Bg2 a4 39.Ke3 b4 40.axb4 Rd7 41.Bf1 Kg7 42.Rhf2 Rfd8 43.Rh2 Rd4
44.Rhf2 Kf6 45.Rh2 Rxb4 46.Bxd3 Bxd3 47.Rxd3 Rxd3+ 48.Kxd3 Rb3+ 49.Kc4 Rxf3
50.Kb4 Re3 51.Kxa4 Rxe4+ 52.b4 Re1 53.h4 h6 54.hxg5+ hxg5 55.Rh6+ Kg7 56.Rh5 Kg6
57.Rh8 Rg1 58.Re8 Kf6 59.Rf8+ Ke6 60.Re8+ Kd5 61.Rd8+ Kc4 62.Rc8+ Kd3 63.Rd8+ Ke3
64.Re8 e4 65.b5 Ra1+ 66.Kb4 Kf3 67.b6 e3 68.Kc5 Rc1+ 69.Kd6 Rb1 70.Kc7 e2
71.b7 Rc1+ 72.Kd6 Rb1 73.Kc7 Kf2 74.Rf8+ Ke3 75.Re8+ Kf2  1/2-1/2

[Event "12th DDS League and Open"]
[Site "Tuzla BIH"]
[Date "2006.09.16"]
[Round "3"]
[White "Omercic,A"]
[Black "Mrkonjic,N"]
[Result "0-1"]
[WhiteElo "2145"]
[BlackElo "2378"]

1.Nf3 d5 2.g3 Nf6 3.Bg2 c6 4.O-O h6 5.d3 Bf5 6.c4 e6 7.b3 Be7 8.Ba3 O-O 9.Bxe7 Qxe7
10.Nbd2 Nbd7 11.Qc2 Nb6 12.e4 dxe4 13.dxe4 Bh7 14.Rfe1 Nbd7 15.Qc3 Rfd8 16.e5 Ne8
17.Ne4 Nc5 18.Nxc5 Qxc5 19.b4 Qe7 20.Rad1 Nc7 21.Nd4 Na6 22.a3 c5 23.Nb5 cxb4
24.axb4 Nxb4 25.Nd6 Nc6 26.Re2 Qc7 27.Rb2 Rab8 28.Ra1 Nxe5 29.Qxe5 Rxd6 30.Rd2 Rd7
31.Qxc7 Rxc7 32.Rxa7 g5 33.Rb2 Rxc4 34.Bxb7 Be4  0-1

[Event "EU-chB18"]
[Site "Herceg Novi MNE"]
[Date "2006.09.17"]
[Round "7"]
[White "Llorente Zaro,A"]
[Black "Vernay,C"]
[Result "1/2-1/2"]
[WhiteElo "2367"]
[BlackElo "2321"]

1.Nf3 d5 2.g3 c6 3.Bg2 Bg4 4.d3 Nd7 5.O-O e5 6.e4 Ngf6 7.Nbd2 Bd6 8.Qe2 O-O
9.h3 Bh5 10.Re1 Re8 11.Qf1 a5 12.a4 Bb4 13.c3 Bf8 14.Nh4 dxe4 15.Nxe4 Nxe4
16.dxe4 Nc5 17.Be3 Nb3 18.Rab1 Nd2 19.Bxd2 Qxd2 20.Bf3 Bxf3 21.Nxf3 Qd7 22.Qc4 Qxh3
23.Qxf7+ Kxf7 24.Ng5+ Kf6 25.Nxh3 g5 26.f3 Bc5+ 27.Kg2 Kg6 28.g4 h5 29.gxh5+ Kxh5
30.Nf2 Bxf2 31.Kxf2 Rf8 32.Rh1+ Kg6 33.Rbg1 Rh8 34.Rd1 Rxh1 35.Rxh1 Rd8 36.Ke2 Kg7
37.Rb1 Kf6 38.Rh1 Kg7  1/2-1/2

[Event "3rd Festival"]
[Site "Ashdod ISR"]
[Date "2006.09.18"]
[Round "8"]
[White "Bitansky,I"]
[Black "Paveliev,A"]
[Result "1/2-1/2"]
[WhiteElo "2366"]
[BlackElo "2403"]

1.Nf3 d5 2.g3 Nf6 3.Bg2 Bg4 4.O-O Nbd7 5.d3 e5 6.Nbd2 h6 7.e4 dxe4 8.dxe4 Bc5
9.Qe2 O-O 10.h3 Be6 11.Nc4 Bxc4 12.Qxc4 c6 13.a4 Qe7 14.Nh4 Nb6 15.Qb3 Rfe8
16.a5 Nc8 17.Nf5 Qc7 18.Qf3 Re6 19.h4 Nd6 20.Ra4 Nxf5 21.exf5 Re7 22.Qc3 Bd6
23.a6 e4 24.axb7 Qxb7 25.Rc4 Rae8 26.Be3 Nd5 27.Qd2 Re5 28.f6 Nxe3 29.Qxe3 Qb5
30.Rxe4 Qxb2 31.fxg7 Rxe4 32.Bxe4 Qxg7 33.Re1 Kf8 34.Kg2 a5 35.Qd2 Bb4 36.Bxc6 Rb8
37.Qf4 Rc8 38.Qc7 Qg4 39.Qd7 Qxd7 40.Bxd7 Rxc2 41.Re8+ Kg7 42.Bb5 Rc5 43.Ba4 Rc3
44.Re3 Rc1 45.Bb3 Rc3  1/2-1/2

[Event "EU-chB18"]
[Site "Herceg Novi MNE"]
[Date "2006.09.19"]
[Round "9"]
[White "Wu,L"]
[Black "Fowler,S"]
[Result "1-0"]
[WhiteElo "2306"]
[BlackElo "2181"]

1.Nf3 d5 2.g3 c6 3.Bg2 Bg4 4.O-O Nd7 5.d3 e5 6.Nbd2 Ngf6 7.e4 dxe4 8.dxe4 Bc5
9.Qe2 Qe7 10.Nc4 Qe6 11.a4 h5 12.h4 Nh7 13.Ne3 g6 14.Nxg4 hxg4 15.Ne1 f6
16.Nd3 g5 17.Nxc5 Nxc5 18.h5 Nf8 19.f3 Rxh5 20.fxg4 Rh8 21.Be3 Qe7 22.Qc4 Nfe6
23.a5 Kf8 24.Rxf6+ Qxf6 25.Rf1 Nf4 26.Qxc5+ Ke8 27.gxf4 gxf4 28.Bd2 Kd7 29.Bc3 Rae8
30.Rd1+ Kc8 31.a6 f3 32.Qxa7  1-0

[Event "XVI WSen"]
[Site "Arvier ITA"]
[Date "2006.09.20"]
[Round "9"]
[White "Zhelesny,S"]
[Black "Nordstrom,F"]
[Result "1/2-1/2"]
[WhiteElo "2235"]
[BlackElo "2178"]

1.Nf3 d5 2.g3 Nf6 3.Bg2 e6 4.d4 Be7 5.O-O O-O 6.Nbd2 b6 7.c4 Bb7 8.b3 Nbd7
9.Bb2 c5 10.Rc1 Rc8 11.Rc2 dxc4 12.Nxc4 b5 13.Ncd2 cxd4 14.Nxd4 Qb6 15.Bxb7  1/2-1/2

[Event "USCL"]
[Site "ICC INT"]
[Date "2006.09.20"]
[Round "4"]
[White "Panchanathan,M"]
[Black "Friedel,J"]
[Result "0-1"]
[WhiteElo "2500"]
[BlackElo "2480"]

1.Nf3 d5 2.g3 c6 3.Bg2 Bg4 4.O-O Nd7 5.d4 Ngf6 6.c4 e6 7.b3 Be7 8.Bb2 O-O
9.Nbd2 h6 10.Re1 a5 11.e4 Bb4 12.e5 Ne4 13.Nxe4 Bxe1 14.Qxe1 dxe4 15.Nd2 f5
16.exf6 Nxf6 17.Nxe4 Nxe4 18.Qxe4 Bf5 19.Qe2 Qd6 20.Re1 a4 21.c5 Qd7 22.b4 a3
23.Bc3 Rae8 24.Qe3 Qf7 25.f4 Ra8 26.Qc1 Bd3 27.Ba1 Qg6 28.Re3 Bb1 29.Qd2 Qc2
30.Qxc2 Bxc2 31.b5 Ba4 32.b6 Kf7 33.Bf1 Bb5 34.Bxb5 cxb5 35.Rb3 Ra4 36.Kf2 Rfa8
37.Bc3 Rc4 38.Ke3 b4 39.Bxb4 Rc2 40.Bxa3 Rxa2 41.Bb4 Rc8 42.Bd2 Ke7 43.Rb1 Kd7
44.Kd3 Rca8 45.Re1 R8a3+ 46.Bc3 Rxh2 47.Re3 Rh3 48.Kc4 h5 49.c6+ bxc6 50.b7 Kc7
51.Rxe6 Kxb7 52.Re7+ Kc8 53.Rxg7 h4 54.Rh7 Rh2 55.Kb4 hxg3 56.Rg7 Raa2 57.Rxg3 Rh5
58.Rg8+ Kb7 59.Rg7+ Kb6 60.Kb3 Rf2 61.Bb4 Rh3+  0-1

[Event "XVI WSen"]
[Site "Arvier ITA"]
[Date "2006.09.22"]
[Round "11"]
[White "Karasev,V"]
[Black "Nordstrom,F"]
[Result "1-0"]
[WhiteElo "2379"]
[BlackElo "2178"]

1.Nf3 d5 2.g3 c5 3.Bg2 Nc6 4.d4 e6 5.O-O Qb6 6.dxc5 Bxc5 7.Nc3 Be7 8.e4 d4
9.Ne2 Bf6 10.Nf4 g6 11.Re1 Nge7 12.e5 Bg7 13.h4 h5 14.Nd3 Nf5 15.Bg5 Bd7
16.Nd2 Nce7 17.Ne4 Nd5 18.c4 dxc3 19.bxc3 Rc8 20.Rb1 Qc7 21.Qb3 b5 22.Nd6+ Nxd6
23.exd6 Qxd6 24.Qxd5 Qxd5 25.Bxd5 Rxc3 26.Rbd1 O-O 27.Bb3 Bc8 28.Be7 Re8
29.Bb4 Rc7 30.Ne5 Bb7 31.Ba5 Rc5 32.Nxf7 Bf3 33.Rd3 Bg4 34.Ng5  1-0

[Event "Open A"]
[Site "Graz AUT"]
[Date "2006.09.22"]
[Round "7"]
[White "Wanderer,T"]
[Black "Aschenbrenner,R"]
[Result "0-1"]
[WhiteElo "2206"]
[BlackElo "2280"]

1.g3 d5 2.Nf3 Nf6 3.Bg2 c6 4.O-O Bg4 5.Ne5 Bf5 6.b3 e6 7.c4 dxc4 8.Nxc4 Be4
9.Bxe4 Nxe4 10.Nc3 Nf6 11.Qc2 Be7 12.Bb2 Na6 13.Rad1 Nb4 14.Qb1 O-O 15.Ba1 c5
16.Ne4 Nc6 17.e3 Nxe4 18.Qxe4 Bf6 19.Ne5 Bxe5 20.Bxe5 f5 21.Qf4 g5 22.Qc4 Nxe5
23.Qxe6+ Nf7 24.Qxf5 Qe7 25.f4 Rad8 26.Rf2 b6 27.Rdf1 Nd6 28.Qd5+ Kh8 29.fxg5 Rxf2
30.Rxf2 Ne4 31.Rf7 Rxd5 32.Rxe7 Nxg5 33.h4 Nf3+ 34.Kg2 Nxd2 35.Rxa7 b5 36.g4 c4
37.bxc4 bxc4 38.Rc7 Re5 39.Kf2 Ra5 40.e4 Nxe4+ 41.Ke3 Nd6 42.Rc6 Ra3+ 43.Ke2 Rxa2+
44.Ke1 Nf7 45.Rxc4 Rh2 46.h5 Kg7 47.Kf1 Ra2 48.Rc7 h6 49.Rc6 Ra4 50.Rg6+ Kh7
51.Kg2 Ne5 52.Re6 Rxg4+ 53.Kh3 Rg5 54.Kh4 Nf7 55.Re7 Kg7 56.Ra7 Rd5 57.Ra4 Kf6
58.Rf4+ Ke6 59.Rg4 Ne5 60.Rg8 Rd4+ 61.Kh3 Kf6 62.Rg1 Rh4+ 63.Kxh4 Nf3+ 64.Kg3 Nxg1
65.Kf2 Nh3+ 66.Kg3 Ng5 67.Kf4 Ne6+  0-1

[Event "1st TCH-MNE"]
[Site "Herceg Novi MNE"]
[Date "2006.09.22"]
[Round "1"]
[White "Narancic,V"]
[Black "Gavric,M"]
[Result "1/2-1/2"]
[WhiteElo "2341"]
[BlackElo "2399"]

1.Nf3 d5 2.g3 c5 3.Bg2 Nc6 4.O-O Nf6 5.d3 e6 6.Nbd2 Be7 7.c3 Qc7 8.Re1 b6
9.a3 Bb7 10.b4 O-O 11.Bb2  1/2-1/2

[Event "15th TCh-CRO w"]
[Site "Sibenik CRO"]
[Date "2006.09.22"]
[Round "1"]
[White "Djeno,S"]
[Black "Medic,Mir"]
[Result "0-1"]
[WhiteElo "1953"]
[BlackElo "2271"]

1.Nf3 d5 2.g3 c6 3.Bg2 Nf6 4.O-O Bg4 5.d3 Nbd7 6.c4 e6 7.cxd5 exd5 8.Nc3 Be7
9.Qb3 Nc5 10.Qc2 Ne6 11.e4 d4 12.Ne2 Bxf3 13.Bxf3 O-O 14.Nf4 Qd7 15.Bg2 Nxf4
16.Bxf4 Ne8 17.Qc4 c5 18.e5 Nc7 19.Rfe1 Ne6 20.Bd2 b5 21.Qb3 Rab8 22.Qd5 Qxd5
23.Bxd5 Rfd8 24.Bxe6 fxe6 25.b3 Rdc8 26.Rec1 c4 27.bxc4 bxc4 28.dxc4 Ba3
29.Rd1 Rxc4 30.Bc1 Bc5 31.Rd2 Rb7 32.a4 d3 33.Ba3 Rxa4 34.Rxd3 h6 35.Kg2 Rb5
36.Bb2 Rxa1 37.Bxa1 Ra5 38.Bb2 Ra2 39.Rd2 a5 40.Bc3 Rxd2 41.Bxd2 a4 42.Bc3 g5
43.h3 Ba3 44.Kf3 Bc1 45.Ke2 Kf7 46.Kd1 Ba3 47.Bd4 Ke7 48.Kc2 Kd7 49.Be3 Kc6
50.f4 Be7 51.fxg5 hxg5 52.Kd3 Kd5 53.Bd4 Bd8 54.g4 a3 55.Bc3 Bc7 56.Kc2 Bxe5  0-1

[Event "1st TCH-MNE"]
[Site "Herceg Novi MNE"]
[Date "2006.09.23"]
[Round "2"]
[White "Bajkovic,N"]
[Black "Kostic,Vl"]
[Result "1-0"]
[WhiteElo "2167"]
[BlackElo "2433"]

1.Nf3 d5 2.g3 Nf6 3.Bg2 Bg4 4.c4 c6 5.Qb3 Qc7 6.cxd5 cxd5 7.Nc3 e6 8.d4 a6
9.Bf4 Qc8 10.Na4 Nbd7 11.Rc1 Qd8 12.Qxb7 Bxf3 13.Bxf3 Be7 14.O-O O-O 15.b4 Qe8
16.Nc5 Qc8 17.Qxc8 Rfxc8 18.e3 h6 19.h4 Nb6 20.Be2 a5 21.b5 Nfd7 22.Nxd7 Nxd7
23.Bc7 Bd8 24.Bxd8 Rxd8 25.Rc6 Rdc8 26.Rfc1 Nb6 27.Bd3 Kf8 28.R1c2 Rxc6 29.Rxc6 Rb8
30.Kf1 Rb7 31.Ke2 Ke7 32.f4 Kd7 33.f5 Na4 34.Kd2 Rb6 35.Rc2 Rb7 36.fxe6+ fxe6
37.e4 Rc7 38.exd5 exd5 39.h5 Rxc2+ 40.Bxc2 Nb6 41.Ke3 Ke6 42.Kf4 Kf6 43.Bf5 Nc4
44.Bh7 Nb6 45.Bg8 a4 46.a3 g6 47.hxg6 Kxg6 48.Ke5 Nd7+ 49.Kd6  1-0